| 000 | 00730cam a2200193 i 4500 | ||
|---|---|---|---|
| 005 | 20251127111711.0 | ||
| 008 | 250721s2002 su gr 000 0 ara d | ||
| 020 | _a9960878988 | ||
| 082 | 1 | 4 |
_a211.91334 _bش ه ر |
| 100 | 1 |
_aالشهري، سلمان بن ظافر عبد الله _eمؤلف. |
|
| 245 | 1 | 0 |
_aوقاية العروسين من السحر والحسد والعين / _cتأليف سلمان بن ظافر عبد الله الشهري. |
| 250 | _aالطبعة الأولى. | ||
| 264 | 3 | 1 |
_aالرياض : _bدار طويق للنشر والتوزيع، _c2002. |
| 300 | _a68 صفحة. | ||
| 650 | 1 | 7 | _aالسحر. |
| 650 | 1 | 7 | _aالقرآن الكريم. |
| 942 |
_2ddc _cBK |
||
| 999 |
_c116174 _d116174 |
||